00309nam a2200109Ia 4500008004100000041000800041082002000049100001400069245006100083260004000144700001500184230627s9999 xx 000 0 und d aeng a342.540 85bDAS aDas B. K  aNegligence : Medical And Non-medical With Legal Remedies aAllahabadbSodhi Publicationsc1997 a Sodhi S.,